Normal view
MARC view
Entry Personal Name
001 - CONTROL NUMBER
- control field: 50864
003 - CONTROL NUMBER IDENTIFIER
- control field: OSt
005 - DATE AND TIME OF LATEST TRANSACTION
- control field: 20160407113253.0
008 - FIXED-LENGTH DATA ELEMENTS
- fixed length control field: 160407|| aca||aabn | a|a d
040 ## - CATALOGING SOURCE
- Original cataloging agency: OSt
- Transcribing agency: OSt
100 ## - HEADING--PERSONAL NAME
- Personal name: जॉर्ज डैनीसन
670 ## - SOURCE DATA FOUND
- Source citation: Work cat.: (OSt)10160: जॉर्ज डैनीसन, बच्चों का जीवन एक स्कूल की कहानी , 1996









